000 00469nam a22001937a 4500
003 MPLRDC
005 20220104144236.0
008 210129b ||||| |||| 00| 0 eng d
020 _a962-979-104-8
082 _a848.3 SX v.2
100 _a深雪
245 _a月夜遗留了死心不息的眼睛
_c
250 _a一版一刷
260 _a
_b文林社
_c1999
300 _b
490 _a深雪作品:2
650 _a现代别集
942 _cBK
_o848.3 SX v.2
999 _c47753
_d47743